| 000 | 01021nam a2200289 a 4500 | ||
|---|---|---|---|
| 003 | CO-PeBPR | ||
| 005 | 20260426075423.0 | ||
| 008 | 260415e2024 ck a|||| n||| 00| 0 spa c | ||
| 020 | _a9786289661958 | ||
| 040 | 0 |
_aCO-PeBPR _bspa _cCO-PeBPR _erda |
|
| 041 | 0 | _hspa | |
| 082 | 0 | 4 | _a(i) Co863 B932l |
| 100 | 1 |
_aBuitrago, Jairo _eautor |
|
| 245 | 1 | 0 |
_aLeón y ratón _c/ Jairo Buitrago ; ilustraciones de Rafael Yockteng |
| 250 | _aEdición especial | ||
| 264 | 1 |
_aBogotá, Colombia _b: Cataplum Libros _c, 2024 |
|
| 300 |
_a40 páginas _b: ilustraciones a color _c22 centímetros |
||
| 336 |
_atexto _btxt _crdacontenido |
||
| 337 |
_asin mediación _bn _2rdamedio |
||
| 338 |
_avolumen _bnc _2rdasoporte |
||
| 490 | _aPlan Nacional de Lectura, Escritura y Oralidad / Ministerio de las Culturas, Las Artes y los Saberes | ||
| 650 | 1 | 4 |
_2LEMB _aCuentos infantiles colombianos |
| 650 | 1 | 4 |
_2LEMB _aGratitud |
| 650 | 1 | 4 |
_2LEMB _aLiteratura infantil colombiana |
| 700 | 1 |
_aYockteng, Rafael _eilustrador |
|
| 942 |
_2ddc _cBKINF |
||
| 999 |
_c17788 _d17788 |
||